000 00579nam a2200229Ia 4500
003 OSt
005 20220924144808.0
006 a|||||r|||| 00| 0
007 ta
008 220923b |||||||| |||| 00| 0 urd d
024 _a321874
037 _cTextual
040 _aARTS
_cARTS
_burd
041 _2urd
_aurd
082 _aQ78M:353, 168K8
100 _aYusuf Bandagimiya Au.
_9218462
245 0 _aInsaf nama
260 _c1968
650 _aISLAM
_9577
942 _hQ78M:353, 168K8
_cTEXL
_2CC
999 _c458334
_d458334